US state capitals that are also the largest city - Statistics

General Stats
  • This quiz has been taken 59 times
  • The average score is 14 of 17
Answer Stats
Answer % Correct
Atlanta, Georgia
100%
Boston, Massachusetts
93%
Denver, Colorado
91%
Salt Lake City, Utah
91%
Oklahoma City, Oklahoma
89%
Honolulu, Hawaii
86%
Indianapolis, Indiana
86%
Phoenix, Arizona
86%
Providence, Rhode Island
86%
Boise, Idaho
84%
Columbus, Ohio
80%
Nashville, Tennessee
80%
Cheyenne, Wyoming
77%
Jackson, Mississippi
75%
Little Rock, Arkansas
75%
Des Moines, Iowa
70%
Charleston, West Virginia
61%
No matching quizzes found
Score Distribution
Percent of People with Each Score
Percentile by Number Answered
Your Score History
You have not taken this quiz